Los albergues escolares : labor extraordinaria de la SEP : en beneficio de los niños indígenas (Record no. 62087)

MARC details
000 -CABECERA
campo de control de longitud fija 00611nam a2200217 a 4500
005 - FECHA Y HORA DE LA ÚLTIMA TRANSACCIÓN
campo de control 20210219152844.0
008 - ELEMENTOS DE LONGITUD FIJA--INFORMACIÓN GENERAL
campo de control de longitud fija 991125n 000 0 spa u
035 ## - NÚMERO DE CONTROL DEL SISTEMA
Número de control de sistema UPN01000063393
100 1# - ASIENTO PRINCIPAL--NOMBRE PERSONAL
Nombre de persona López Gómez, Gilberto
222 #0 - TÍTULO CLAVE
Título clave COMUNICACION EDUCATIVA SEP
245 04 - MENCIÓN DE TÍTULO
Título Los albergues escolares : labor extraordinaria de la SEP : en beneficio de los niños indígenas
260 ## - PUBLICACIÓN, DISTRIBUCIÓN, ETC.
Lugar de publicación, distribución, etc. México
300 ## - DESCRIPCIÓN FÍSICA
Extensión 12-14
362 0# - FECHAS DE PUBLICACIÓN Y/O DESIGNACIÓN SECUENCIAL
Fecha de publicación y/o designación secuencial 1991 Año 8, no. 93, jul.
653 0# - TERMINO DE INDIZACION - NO CONTROLADO
Término no controlado ALBERGUES ESCOLARES
653 0# - TERMINO DE INDIZACION - NO CONTROLADO
Término no controlado INI
653 0# - TERMINO DE INDIZACION - NO CONTROLADO
Término no controlado NIÑO INDIGENA
653 0# - TERMINO DE INDIZACION - NO CONTROLADO
Término no controlado SEP
904 ## - ELEMENTOS DE DATOS D LOCAL, LDD (RLIN)
a AC
b 001204
905 ## - TIPO DE MATERIAL
Tipo de material Articulo

No items available.